Ethnic group politics
Guardat en:
| Format: | Llibre |
|---|---|
| Idioma: | Undetermined |
| Publicat: |
Columbus, Ohio
Charles E. Merrill
1969
|
| Matèries: | |
| Etiquetes: |
Afegir etiqueta
Sense etiquetes, Sigues el primer a etiquetar aquest registre!
|
| Thư viện lưu trữ: | Trung tâm Học liệu Trường Đại học Cần Thơ |
|---|
| LEADER | 00414nam a2200157Ia 4500 | ||
|---|---|---|---|
| 001 | CTU_43114 | ||
| 008 | 210402s9999 xx 000 0 und d | ||
| 082 | |a 323.11 | ||
| 082 | |b E84 | ||
| 245 | 0 | |a Ethnic group politics | |
| 260 | |a Columbus, Ohio | ||
| 260 | |b Charles E. Merrill | ||
| 260 | |c 1969 | ||
| 650 | |a political rights | ||
| 904 | |i Minh, 010828 | ||
| 980 | |a Trung tâm Học liệu Trường Đại học Cần Thơ | ||